000 00418nam a22001337a 4500
003 SGT
020 _a9788171246250
082 _a301.2
_bB08D
100 _a दीक्षित, हृदय नारायण
245 _aभारतीय संस्कृति की भूमिका
260 _bविश्वविद्यालय प्रकाशन
_c2008
300 _a219
942 _2ddc
_cBK
999 _c29548
_d29548